Agroturistika jako podnikatelská činnost.
Agroturistika ako zdroj príjmov a nových pracovných príležitostí. Vymedzenie pojmu agroturistiky. Prevádzkovatelia agroturistiky. Prosperita agroturistiky. Vytvorenie podnikateľskej skupiny agroturistiky v obci. Marketingové prístupy v agroturistike.
Na minha lista:
| Autor principal: | |
|---|---|
| Formato: | Capítulo de Livro |
| Idioma: | tcheco |
| Assuntos: | |
| Tags: |
Sem tags, seja o primeiro a adicionar uma tag!
|
MARC
| LEADER | 00000naa a2200000 4500 | ||
|---|---|---|---|
| 001 | r009764 | ||
| 005 | 20220831090001.7 | ||
| 041 | 0 | |a cze | |
| 044 | |a [CS] | ||
| 245 | 1 | 0 | |a Agroturistika jako podnikatelská činnost. |c M. Pourová |
| 520 | |a Agroturistika ako zdroj príjmov a nových pracovných príležitostí. Vymedzenie pojmu agroturistiky. Prevádzkovatelia agroturistiky. Prosperita agroturistiky. Vytvorenie podnikateľskej skupiny agroturistiky v obci. Marketingové prístupy v agroturistike. | ||
| 610 | 2 | 0 | |a agroturistika |
| 610 | 2 | 0 | |a zdroje finančné |
| 610 | 2 | 0 | |a príjmy |
| 610 | 2 | 0 | |a podnikanie |
| 610 | 2 | 0 | |a obce |
| 610 | 2 | 0 | |a marketing |
| 610 | 2 | 0 | |a príležitosť pracovná |
| 100 | 1 | |a Pourová, M. | |